| 000 -ლიდერი |
| ფიქსირებული სიგრძის საკონტროლო ველი |
01859nam a22002777a 4500 |
| 003 - საკონტროლო ნომრის იდენტიფიკატორი |
| საკონტროლო ველი |
Ge_BSU |
| 005 - ბოლო ოპერაციის თარიღი და დრო |
| საკონტროლო ველი |
20191119114021.0 |
| 008 - ფიქსირებული სიგრძის მონაცემთა ელემენტები - ზოგადი ინფორმაცია |
| ფიქსირებული სიგრძის საკონტროლო ველი |
191119s2019 ge ||||| |||| 00| 0 geo d |
| 020 ## - წიგნის საერთაშორისო სტანდარტული ნომერი |
| International Standard Book Number |
9789941807749 |
| 041 ## - ენის კოდი |
| Language code of text/sound track or separate title |
geo |
| 080 ## - უნივერსალური ათობითი კლასიფიკაციის ინდექსი |
| Universal Decimal Classification number |
725.1:623.1(479.22 ) ე-56 |
| 100 ## - მთავარი ჩანაწერი - პიროვნების სახელი |
| Personal name |
ელიზბარაშვილი,ირინე. |
| 9 (RLIN) |
5420 |
| 245 ## - ცნობა სათაურის შესახებ |
| Title |
გამაგრებული ისტორიული დასახლებები საქართველოს ჩრდილოეთ მთიანეთში / |
| Statement of responsibility, etc |
ირინე ლიზბარაშვილი ; მანანა სურამელაშვილი ; ციცინო ჩაჩხუნაშვილი ; რედ. დიმიტრი თუმანიშვილი ; მთარგმნ:.ნინო მატარაძე. |
| 264 ## - წარმოების, გამოცემის, დისტრიბუციის და სხვა ცნობები |
| გამოცემის, წარმოების, დისტრიბუციის... ადგილი |
თბილისი, |
| გამოცემის, წარმოების, დისტრიბუციის... თარიღი |
2019. |
| 300 ## - ფიზიკური აღწერა |
| Extent |
490 გვ .: |
| Other physical details |
ილ; |
| Dimensions |
29 სმ. |
| 500 ## - ზოგადი შენიშვნა |
| General note |
სურათების წყაროები გვ:490 |
| 520 ## - SUMMARY, ETC. |
| Summary, etc |
რეზ.ინგლ.ენაზე |
| 653 ## - INDEX TERM--UNCONTROLLED |
| Uncontrolled term |
ისტორია |
| 653 ## - INDEX TERM--UNCONTROLLED |
| Uncontrolled term |
არქიტექტურა |
| 700 ## - ADDED ENTRY--PERSONAL NAME |
| Personal name |
სურამელაშვილი, მანანა |
| 9 (RLIN) |
4761 |
| 700 ## - ADDED ENTRY--PERSONAL NAME |
| Personal name |
ჩაჩხუნაშვილი, ციცინო |
| 9 (RLIN) |
4762 |
| 700 ## - ADDED ENTRY--PERSONAL NAME |
| Personal name |
თუმანიშვილი, დიმიტრი |
| Relator term |
რედაქტორი |
| 9 (RLIN) |
4765 |
| 700 ## - ADDED ENTRY--PERSONAL NAME |
| Personal name |
მატარაძე, ნინო |
| Relator term |
მთარგმნელი |
| 9 (RLIN) |
5421 |
| 710 ## - ADDED ENTRY--CORPORATE NAME |
| Relator term |
გიორგი ჩუბინიშვილის სახელობის ქართული ხელოვნების ისტორიისა და ძეგლთა დაცვის ეროვნული კვლევითი ცენტრი |
| 9 (RLIN) |
5422 |
| 942 ## - ADDED ENTRY ELEMENTS (KOHA) |
| Source of classification or shelving scheme |
|
| Koha item type |
წიგნი |